Who has a trumpet nose? : Mammals

Bibliographic Details
Format: Book
Published: London : Pioneer House , 2005
Series:Ask me
Subjects:

MARC

LEADER 00000cam a2200000 7i4500
001 0000062497
005 20160412.0
008 160411
020 |a 0871975181 
020 |a 9780871975188 
090 0 0 |a Q   |b ENG 
245 0 0 |a Who has a trumpet nose? :   |b Mammals 
260 |a London :   |b Pioneer House ,   |c 2005 
490 1 |a Ask me 
500 |a Children ages 7-9 years old (orange) 
650 0 |a Junior fiction   |x English   |x Languages 
650 0 |a Quiz and answer 
999 |a 0001132478   |b Book   |c Children Collection   |e Cawangan Taman Universiti 
999 |a 0001143607   |b Book   |c Children Collection   |e Cawangan Taman Universiti